Statistics for The World's Population By Eye Color

Click here to take the quiz!

General Stats

  • This quiz has been taken 254 times
  • The average score is 5 of 8

Answer Stats

% of World PopulationEye Color% Correct
8-10%blue
100%
55-79%brown
100%
2%green
78%
5%hazel
75%
<1%grey
49%
<1%violet
48%
<1%heterochromia
26%
5%amber
16%

Score Distribution

Percentile by Number Answered

Percent of People with Each Score

Your Score History

You have not taken this quiz